| 000 | 00368cam a22001337a 4500 | ||
|---|---|---|---|
| 008 | 180718b1981 xxu||||| |||| 00| 0 eng d | ||
| 082 | _aY26 T921 | ||
| 245 |
_aEnergy for rural and island communities _cedited by John Twidell |
||
| 260 |
_aOxford _bPergamen Press _c1981 |
||
| 300 | _a253p. | ||
| 650 | _aForests | ||
| 650 | _aEnergy resources | ||
| 700 | _aTwidell, John | ||
| 999 |
_c355836 _d355836 |
||